000 00733nam a2200229 a 4500
001 4402856
005 20180814042511.0
008 920423s1992 mouaf b 001 0 eng
010 _a 92150363
020 _a0801660513
040 _aDLC
_cDLC
041 _aeng
080 _a616.07
082 0 0 _a616.07
_220
100 _a9
101 _apat
245 0 0 _aPathophysiology :
_cSylvia Anderson Price, Lorraine McCarty Wilson.
504 _aIncludes bibliographical references and index.
906 _a7
_bcbc
_corignew
_d2
_encip
_f19
_gy-gencatlg
942 _2ddc
_cBK
999 _c47086
_d47086